Score 0/7 Timer 03:00
0 Plays Today
Question Answer Wrong Answers
After leading a coup against the monarchy, _______ takes over as Prime Minister of Libya.
1970
Muammar Gaddafi
88.8%
Anwar Sadat
5.4%
Moncef Marzouki
1.1%
Omar al‑Bashir
2.8%
The first edition of El ingenioso hidalgo Don Quijote de la Mancha, by this author, is published in Madrid.
1605
Miguel de Cervantes
86.4%
Federico García Lorca
2.5%
Gabriel García Márquez
7.2%
Francisco de Quevedo
3.9%
Virginia enacts the Statute for _______ Freedom, authored by Thomas Jefferson.
1786
Religious
86%
Peaceful
3.6%
Educational
6.6%
Occupational
3.1%
The Scottish Parliament ratifies the Act of Union, paving the way for the creation of _______.
1707
Great Britain
77.7%
England
2%
Wales
14.6%
Ireland
5.5%
This musical, featuring songs such as 'It Takes A Woman' and 'Motherhood', opens on Broadway, beginning a run of 2,844 performances.
1964
Hello, Dolly!
58.8%
The King and I
14.9%
Fiddler on the Roof
15.1%
Cats
9.6%
Ellen Johnson Sirleaf is sworn in as president of _______, becoming Africa's first female elected head of state.
2006
Liberia
56.7%
Egypt
6.7%
Somalia
9.8%
Malawi
24.8%
This American filmmaker, known for Halloween and The Thing, is born in Carthage, New York.
1948
John Carpenter
56.7%
Wes Craven
33.3%
Clive Barker
4.2%
George Romero
4.8%
Remove Ads.
Support Sporcle.
Get the best of Sporcle when you Go Orange. This ad-free experience offers more features, more stats, and more fun while also helping to support Sporcle. Thank you for becoming a member.

You're not logged in!

Compare scores with friends on all Sporcle quizzes.
OR
Log In

Show Comments

Extras

Top Quizzes Today


Score Distribution

Your Account Isn't Verified!

In order to create a playlist on Sporcle, you need to verify the email address you used during registration. Go to your Sporcle Settings to finish the process.

Report this User

Report this user for behavior that violates our Community Guidelines.

Details: